000 00773nam a2200217 a 4500
005 20210223125121.0
008 030918s2000 mx r 000 0 spa d
020 _a968190513X
035 _aUPN01000128947
049 _aCG
050 4 _aCT275
_bM3.3
100 1 _aMah, Adeline Yen,
_d1937-
245 1 4 _aLas hojas que caen :
_bmemorias de una hija rechazada /
_cAdeline Yen Mah ; tr. Omar López Vergara.
260 _aMéxico :
_bAlfaguara,
_c2000.
300 _a354 p. :
_bil.
534 _pTraducción de:
_tFalling leaves, the true story of an unwanted chinese daughter
600 1 4 _aMAH, ADELINE YEN,
_d1937-
650 4 _aCHINOAMERICANOS -
_zCALIFORNIA, ESTADOS UNIDOS -
_vBIOGRAFIA
_910858
651 4 _aCHINA -
_xVIDA SOCIAL Y COSTUMBRES
_911878
905 _aLibro
999 _c101120
_d101120